| 000 | 00394nam a22001577a 4500 | ||
|---|---|---|---|
| 003 | OSt | ||
| 008 | 260324b |||||||| |||| 00| 0 eng d | ||
| 020 | _a9798885752084 | ||
| 082 | _a181.4 CHT | ||
| 100 | _aCHATURVEDI,Ajay | ||
| 245 | _aTime Kala Darsana Building Blocks of Time Vol. 1 | ||
| 250 | _a1st Ed | ||
| 260 |
_aGurugram _bGaruda Prakashan _c202 |
||
| 300 | _a317p | ||
| 942 |
_2ddc _cREF |
||
| 999 |
_c13881 _d13881 |
||